000
00318pam a2200133 a 4500
020
_c
041
_h
082
_a
658.14999999999998
_b
PAN
100
_a
Panda,D.K.
245
_a
Understanding Microfinance
_h
Textual Documents
260
_a
New York
_b
John Wiley And Sons
_c
2010
300
_a
XIII/279
930
_a
7094
999
_c
113921
_d
113921